[Event "Treviso op-B 4th"]
[Site "Treviso"]
[Date "2023.04.01"]
[Round "2"]
[White "Maffeis, Federico"]
[Black "Buqa, Brajan"]
[Result "0-1"]
[WhiteElo "1505"]
[BlackElo "1646"]
[PlyCount "98"]
[EventDate "2023.03.31"]
[EventType "swiss"]
[EventRounds "5"]
[EventCountry "ITA"]
[SourceTitle "EXT 2024"]
[Source "ChessBase"]
[SourceDate "2023.10.10"]
[SourceVersion "1"]
[SourceVersionDate "2023.10.10"]
[SourceQuality "1"]

1. e4 c5 2. Nc3 d6 3. Nge2 g6 4. d4 cxd4 5. Nxd4 Bg7 6. Be3 Nc6 7. Qd2 Nf6 8. f3 0-0 9. 0-0-0 Be6 10. Nxe6 fxe6 11. Bc4 Qd7 12. Ne2 Ne5 13. Bb3 b5 14. Bh6 Nc4 15. Bxc4 bxc4 16. Bxg7 Kxg7 17. Qc3 Qc7 18. Nd4 Kf7 19. g4 Qc5 20. h4 a5 21. Ne2 e5 22. g5 Nh5 23. Rd5 Qb4 24. Qxb4 axb4 25. Kb1 Rab8 26. Ra5 Ke6 27. Rf1 Nf4 28. Ng3 Rf7 29. a3 bxa3 30. Rxa3 Kd7 31. Rh1 Ne6 32. Rc3 Rc8 33. Ne2 Nd4 34. Nxd4 exd4 35. Ra3 e5 36. h5 Ke6 37. Rh3 Rc6 38. Kc1 d5 39. hxg6 hxg6 40. exd5+ Kxd5 41. Ra8 Ke6 42. Rg8 Kf5 43. Rg3 Kf4 44. Rg1 Ke3 45. Re8 Kf2 46. Rh1 Rf5 47. f4 Kg2 48. Re1 exf4 49. R8e2+ Kg3 0-1